000
00333nam a22001337a 4500
008
181121b xxu||||| |||| 00| 0 eng d
020
_a
0721672213
041
_a
eng
080
_a
616.12
100
_a
7
101
_a
KARD
245
_a
The Cardiac Rhythms A Systematic Approach to Interpretation
_c
Phillips,R.E
942
_2
udc
_c
BK
999
_c
52293
_d
52293